header

Learning toward an ecological consciousness (Record no. 87571)

MARC details
000 -LEADER
fixed length control field 01336nam a2200349Ia 4500
082 04 - DEWEY DECIMAL CLASSIFICATION NUMBER
Classification number 304.2
245 00 - TITLE STATEMENT
Title Learning toward an ecological consciousness
250 ## - EDITION STATEMENT
Edition statement 1st ed.
260 ## - PUBLICATION, DISTRIBUTION, ETC. (IMPRINT)
Place of publication New York :
Name of publisher Palgrave Macmillan,
Year of publication 2004.
300 ## - PHYSICAL DESCRIPTION
Number of Pages vi, 266 p.
650 #0 - SUBJECT ADDED ENTRY--TOPICAL TERM
Topical Term Environmental psychology.
Topical Term Environmental education.
700 1# - ADDED ENTRY--PERSONAL NAME
Personal name O'Sullivan, Edmund V.
Personal name Taylor, Marilyn M.
856 40 - ELECTRONIC LOCATION AND ACCESS
Uniform Resource Identifier http://site.ebrary.com/lib/rucke/Doc?id=10135659

No items available.

© 2026 Rongo University
Contact us: librarian | system librarian | Rongo university